| 000 | 00616nam a2200181Ia 4500 | ||
|---|---|---|---|
| 008 | 170725s9999 xx 000 0 und d | ||
| 100 | _aShin Hong | ||
| 245 | _aMUSEUM: Debugging real-world multilingual programs using mutation analysis | ||
| 245 | _cShin Hong, Taehoon Kwak, Byeongcheol Lee, Yiru Jeon, Bongseok Ko, Yunho Kim, Moonzoo Kim | ||
| 260 | _c2017 | ||
| 300 | _apages 80-95, February | ||
| 440 |
_aInformation and software technology _v82: |
||
| 500 | _aCJ0029 | ||
| 650 | _aDebugging | ||
| 650 | _aForeign function interface | ||
| 650 | _aLanguage interoperability | ||
| 650 | _amutation analysis | ||
| 999 |
_c340868 _d340868 |
||